01552nam a2200241Ia 4500001000600000003000900006008004100015040001300056040001300069041001300082100001800095100002900113245004200142245004200184250001100226260001200237260001300249260004900262300005700311500088300368650002801251650003101279G2238IT-RoPAU130308s9999 xx 000 0 und d aIT-RoPAU cIT-RoPAU aITALIANO aSchiavo Maria gCodice Aut. SPICS: 54130 aAmata dalla luce: ritratto di Marilyn bAmata Dalla Luce: ritratto di Marilyn a1a ed. aMANTOVA bTre Lune c1999 [1° Ed.:1999 - Ed.Ling.Originale:1999] a"244 p. (prefazione: no ; testo: 244 [pagine: 0-0])" aPrefazione di Giovanna Grignaffini. La Verità è Un'Orfana: Fatti Accertati della Vita di Marilyn Monroe, incontro con la Sorella. incontro con la Fotografia: Pin Up o Attrice?, un Corpo da Desiderare, Il Trucco e L'Anima, incontro con Il Cinema. Film di Marilyn: pochi Ma da Non Dimenticare: Niagara (1953) di H. Hathaway, gli Uomini preferiscono le Bionde (1953) di Howard Hawks, Come Sposare un Milionario (1953) di Jean Negulesco, la Magnifica Preda (1954) di Otto Preminger, Quando la moglie è in vacanza (1955) di Billy Wilder, Fermata D'Autobus (1956) di Joshua Logan, Il Principe e la Ballerina (1957) di Laurence Olivier, a Qualcuno piace Caldo (1959) di Billy Wilder, Facciamo l'amore (1960) di George Cukor, gli Spostati (1961) di John Huston. Dopo la caduta (1964). Cacciata dal paradiso Terrestre. l'ultima Casa. Marilyn Prigioniera. Filmografia. Bibliografia. aAUTORI/OPERE DEL CINEMA eCodice materia Spics: 6807